000 00333nam a22001457a 4500
008 210226b ||||| |||| 00| 0 eng d
020 _a9781601521903
041 _aeng
080 _a004
082 _a004
100 _a28
101 _aSHKI
245 _aOnline Communication and Social Networking
_cWhiting, J
942 _2udc
_cBK
999 _c55292
_d55292